Mort subite: langages européens - Statistiques

Statistiques générales
  • Ce quiz a été pris 242 fois
  • Le résultat moyen est 12 sur 19
Answers on the Grid
Answers color-coded by a green-red scale on the quiz's grid according to % correct below.
Serbe
Gaélique
Igbo
Abenaki
Occitan
Tamil
Gagaouze
Portugais
Néerlandais
Basque
Breton
Persan
Lituanien
Bambara
AltaÏque
Flamand
Albanais
Hongrois
Ahmarique
Sicilien
Catalan
Corse
Arpitan
Karen
Danois
Islandais
Criméen
Ecossais
Aïnou
Arménien
 
Statistiques - réponses
Réponse % Correct
Néerlandais
84%
Portugais
83%
Breton
81%
Serbe
81%
Hongrois
74%
Danois
71%
Basque
70%
Catalan
70%
Corse
70%
Flamand
69%
Albanais
66%
Lituanien
65%
Ecossais
62%
Sicilien
62%
Occitan
61%
Gaélique
57%
Islandais
56%
Arpitan
3%
Gagaouze
2%
Aucun quiz correspondant
Distribution des résultats
% des personnes avec chaque résultat
Percentile par nombre de réponses
Votre historique - résultats
Vous n’avez pas pris ce quiz